[Event "ch-Euro Youth b18"]
[Site "Albena BUL"]
[Date "2011.09.19"]
[Round "8.31"]
[White "Danov,Lyubomir"]
[Black "Pecurica,M"]
[Result "1/2-1/2"]
[WhiteElo "2049"]
[BlackElo "2149"]

1.e4 c5 2.c3 Nf6 3.e5 Nd5 4.d4 cxd4 5.Nf3 Nc6 6.cxd4 d6 7.Bc4 Nb6 8.Bb5 dxe5
9.Nxe5 Bd7 10.Nxd7 Qxd7 11.O-O Rd8 12.Nc3 e6 13.Bg5 Be7 14.Bxe7 Qxe7 15.Qf3 O-O
16.Bxc6 bxc6 17.Qxc6 Rxd4 18.Rfd1 Rfd8 19.Rxd4 Rxd4 20.Nb5 Rc4 21.Qd6 Qxd6
22.Nxd6 Rc2 23.b3 Kf8 24.Nb5 a6 25.Nd4 Rd2 26.Nf3 Rb2 27.Ne1 Nd5 28.Nd3 Rc2
29.Kf1  1/2-1/2

[Event "ch-Euro Youth b14"]
[Site "Albena BUL"]
[Date "2011.09.19"]
[Round "8.3"]
[White "Ali Marandi,C"]
[Black "Petrosyan,M"]
[Result "1-0"]
[WhiteElo "2257"]
[BlackElo "2207"]

1.e4 c5 2.c3 Nf6 3.e5 Nd5 4.d4 cxd4 5.cxd4 e6 6.Nf3 b6 7.a3 Bb7 8.Bd3 d6
9.O-O Nd7 10.Nbd2 Be7 11.Ne4 dxe5 12.dxe5 h6 13.Re1 a6 14.Bd2 Nc5 15.Nxc5 Bxc5
16.Qe2 Qd7 17.Rad1 Qa4 18.b4 Be7 19.Nd4 Qxa3 20.Qe4 Rb8 21.Qf3 Qb2 22.Qg4 Kd7
23.Nc2 h5 24.Qg3 h4 25.Qg4 h3 26.g3 g6 27.Ne3 Rh5 28.Nc4 Qb3 29.Be3 Qxb4
30.Rb1 Qc3 31.Nxb6+ Nxb6 32.Bxb6 Bd5 33.Rec1 Qxd3 34.Qa4+  1-0

[Event "Caissa GM Sept 2011"]
[Site "Kecskemet HUN"]
[Date "2011.09.19"]
[Round "3.4"]
[White "Vajda,Le"]
[Black "Brown,An"]
[Result "1-0"]
[WhiteElo "2557"]
[BlackElo "2216"]

1.e4 c5 2.c3 Nf6 3.e5 Nd5 4.d4 cxd4 5.Nf3 Nc6 6.cxd4 d6 7.Bc4 e6 8.O-O Be7
9.Qe2 O-O 10.Nc3 Nxc3 11.bxc3 dxe5 12.dxe5 Qa5 13.Bd2 Rd8 14.Rfe1 b6 15.Qe4 Bb7
16.Bb3 Rd7 17.Qg4 Rad8 18.Bh6 Bf8 19.Rac1 Rd3 20.Bg5 R8d7 21.Bc2 Rxc3 22.Bd2 Rxd2
23.Bxh7+ Kh8 24.Qh5 Bc5 25.Ng5 Nd8 26.Bg6+ Kg8 27.Bxf7+ Kf8 28.Qh8+ Ke7 29.Qe8+  1-0

[Event "ch-Euro Youth b14"]
[Site "Albena BUL"]
[Date "2011.09.20"]
[Round "9.1"]
[White "Ali Marandi,C"]
[Black "Antipov,M2"]
[Result "1-0"]
[WhiteElo "2257"]
[BlackElo "2412"]

1.e4 c5 2.c3 Nf6 3.e5 Nd5 4.d4 cxd4 5.cxd4 d6 6.Nf3 Nc6 7.Bc4 dxe5 8.Bxd5 Qxd5
9.Nc3 Qd6 10.d5 Nd4 11.Nxd4 exd4 12.Qxd4 e5 13.Qd3 Qa6 14.Qe3 Bd6 15.Qg3 Kf8
16.Bd2 Bf5 17.Rd1 f6 18.Qf3 Bg6 19.Qg4 Rd8 20.a4 Bc2 21.Rc1 h5 22.Qe6 Qd3
23.h4 Bc5 24.Rh3 Bxf2+ 25.Kxf2 Qxd2+ 26.Ne2 Bd1 27.Rc8 Qxe2+ 28.Kg1 Qe1+
29.Kh2 Rxc8 30.Qxc8+ Kf7 31.Qxh8 Bg4 32.Rg3 f5 33.Qd8 Qc1 34.d6 f4 35.Rc3 Qd2
36.Qe7+ Kg6 37.Qg5+ Kf7 38.Rc7+ Ke6 39.Re7+  1-0

[Event "ch-Euro Youth b18"]
[Site "Albena BUL"]
[Date "2011.09.20"]
[Round "9.4"]
[White "Bortnik,N"]
[Black "Ter Sahakyan,S"]
[Result "1/2-1/2"]
[WhiteElo "2319"]
[BlackElo "2566"]

1.e4 c5 2.c3 Nf6 3.e5 Nd5 4.d4 cxd4 5.Nf3 Nc6 6.cxd4 d6 7.Bc4 Nb6 8.Bb5 d5
9.Nh4 e6 10.Nf3 Bd7 11.Be2 Be7 12.O-O O-O 13.Nc3 f6 14.exf6 Bxf6 15.Bb5 Be8
16.Re1 Bh5 17.Bxc6 bxc6 18.Bf4 Qd7 19.Bg3 Rae8 20.Rc1 Bxf3 21.gxf3 h5 22.Qd3 Nc4
23.b3 Nd6 24.Na4 Nf5 25.Nc5 Qc8 26.Be5 Nh4 27.Bg3 Nf5 28.Be5 Rf7 29.Kh1 Bh4
30.Re2 Be7 31.f4 h4 32.Qa6 Bxc5 33.Qxc8 Rxc8 34.Rxc5 Rb7 35.Ra5 Kf7 36.Rc2 Ke7
37.Ra6 Kd7 38.Rc3 g6 39.Kg2 Nd6 40.Bxd6 Kxd6 41.a3 Rf7 42.Rf3 Rcf8 43.Rc3 Rc7
44.Rf3 Rf5 45.b4 Kd7 46.Kh3 Kc8 47.b5 cxb5 48.Rxe6 Rcf7  1/2-1/2

[Event "Caissa GM Sept 2011"]
[Site "Kecskemet HUN"]
[Date "2011.09.23"]
[Round "7.2"]
[White "Vajda,Le"]
[Black "Groszpeter,A"]
[Result "1/2-1/2"]
[WhiteElo "2557"]
[BlackElo "2521"]

1.e4 c5 2.c3 Nf6 3.e5 Nd5 4.d4 cxd4 5.Nf3 e6 6.cxd4 d6 7.Bc4 Nb6 8.Bd3 Nc6
9.exd6 Nb4 10.Be4 f5 11.Bc2 Nxc2+ 12.Qxc2 Bxd6 13.O-O Bd7 14.Nc3 O-O 15.Re1 Rc8
16.Qe2 Qc7 17.Nb5 Bxb5 18.Qxb5 Rfe8 19.b3 a6 20.Qe2 Nd5 21.Bd2 h6 22.g3 Qd7
23.a4 Rc2 24.Qd3 Rec8 25.Red1 Qe8 26.Ne1 R2c6 27.Qf3 Be7 28.a5 Bf6 29.Ra4  1/2-1/2

[Event "Tatry Open"]
[Site "Tatranske Zruby SVK"]
[Date "2011.09.27"]
[Round "3.17"]
[White "Privara,I"]
[Black "Janos,I"]
[Result "1-0"]
[WhiteElo "2264"]
[BlackElo "2142"]

1.e4 c5 2.c3 Nf6 3.e5 Nd5 4.Nf3 e6 5.Bc4 Nb6 6.Bb3 c4 7.Bc2 d6 8.d4 cxd3
9.Qxd3 Nc6 10.Bg5 Qc7 11.exd6 Bxd6 12.Nbd2 Nd5 13.Ne4 Bf4 14.O-O Bxg5 15.Nexg5 h6
16.Ne4 f5 17.Ned2 O-O 18.Rfe1 Rd8 19.Bb3 a5 20.a4 b6 21.Rad1 Nf4 22.Qxf5 Rf8
23.Qe4 Bb7 24.Bxe6+ Kh8 25.Bc4 Rad8 26.Nh4 Rf6 27.Nf1 Rdf8 28.Bb3 g5 29.Nf3 Nh3+
30.gxh3 Rxf3 31.Rd2 R3f4 32.Qe6 R4f6 33.Qd7 Qxd7 34.Rxd7 Bc8 35.Rd2 Bxh3
36.Ng3 Bg4 37.Bd5 Rd8 38.Ne4 Rf4 39.Bxc6 Rc8 40.Bd7  1-0

[Event "Tatry Open"]
[Site "Tatranske Zruby SVK"]
[Date "2011.09.28"]
[Round "5.13"]
[White "Privara,I"]
[Black "Harvan,R"]
[Result "1-0"]
[WhiteElo "2264"]
[BlackElo "1961"]

1.e4 c5 2.c3 Nf6 3.e5 Nd5 4.Bc4 Nb6 5.Bb3 Nc6 6.Nf3 d6 7.exd6 Qxd6 8.O-O Bg4
9.Bxf7+ Kxf7 10.Ng5+ Kg8 11.Qxg4 Ne5 12.Qe4 h6 13.Nf3 Nd3 14.a4 Qd5 15.Qxd5+ Nxd5
16.b3 g5 17.g3 g4 18.Nh4 Rh7 19.Na3 Rf7 20.Nc4 Bg7 21.Ba3 a6 22.a5 Raf8 23.Ng6 Rd8
24.Kg2 Bf6 25.f4 N5b4 26.Bxb4 cxb4 27.Nge5 Bxe5 28.fxe5 bxc3 29.dxc3 Rd5
30.Rad1 Rxf1 31.Kxf1 Nb4 32.Ke2 Rxd1 33.Kxd1 Nc6 34.Kd2 Kf7 35.Kd3 Ke6 36.Ke4 h5
37.b4 Nd8 38.Nb2 Nf7 39.Nd3 Ng5+ 40.Kf4 Nf3 41.h3 Kd5 42.hxg4 hxg4 43.Kxg4 Nd2
44.Nc5 Nb1 45.Nxb7 Nxc3 46.Nc5 Kxe5 47.Nxa6 Nb5 48.Kh5 Kd4 49.g4 e5 50.Nc5 Kc4
51.g5 Kxb4 52.g6 Kxc5 53.g7  1-0

[Event "Tatry Open"]
[Site "Tatranske Zruby SVK"]
[Date "2011.09.30"]
[Round "7.10"]
[White "Viszlai,A"]
[Black "Rooze,J"]
[Result "0-1"]
[WhiteElo "1895"]
[BlackElo "2340"]

1.e4 c5 2.c3 Nf6 3.e5 Nd5 4.d4 cxd4 5.cxd4 d6 6.Nf3 e6 7.Be2 Bd7 8.O-O Bc6
9.Bd2 Nd7 10.Nc3 Nxc3 11.Bxc3 Qc7 12.Qd2 dxe5 13.dxe5 Be7 14.Rac1 Rd8 15.Qf4 O-O
16.Qg3 Nc5 17.Qg4 Ne4 18.Bd4 Qd7 19.Rfd1 Bd5 20.Bxa7 Qa4 21.Bb6 Rc8 22.b3 Qxa2
23.Bc4 Bxc4 24.Qxe4 Bd5 25.Qe3 Qxb3 26.Rb1 Qc2 27.Nd4 Qg6 28.f3 Bg5 29.Qf2 Rc3
30.Ba5 Be3 31.Bxc3 Bxf2+ 32.Kxf2 Rc8 33.Nb5 h5 34.Rdc1 h4 35.Nd6 Rxc3 36.Rxc3 Qxb1  0-1

[Event "1st Qinhuangdao Open"]
[Site "Qinhuangdao CHN"]
[Date "2011.10.02"]
[Round "2"]
[White "Dzhumaev,M"]
[Black "Li Chao2"]
[Result "0-1"]
[WhiteElo "2492"]
[BlackElo "2710"]

1.e4 c5 2.c3 Nf6 3.e5 Nd5 4.Nf3 Nc6 5.d4 cxd4 6.Bc4 Nb6 7.Bb3 d5 8.exd6 Qxd6
9.O-O Be6 10.Na3 Bxb3 11.Qxb3 e6 12.Nb5 Qd7 13.Nbxd4 Nxd4 14.Nxd4 Be7 15.Rd1 O-O
16.Be3 Qc8 17.Nb5 Bc5 18.Bxc5 Qxc5 19.Nd6 Qc6 20.Rd4 Nd5 21.Nf5 Qc7 22.Rad1 b5
23.Qxb5 Rab8 24.Qe2 Nf4 25.Qc4 Ne2+ 26.Kf1 Qxh2 27.Ne7+ Kh8 28.Kxe2 Rxb2+
29.R4d2 Rxd2+ 30.Rxd2 Qxg2 31.Nc6 h6 32.Ne5 Kh7 33.Nf3 Qg6 34.Qd3 f5 35.Ne5 Qh5+
36.Qf3 Qh2 37.Qg3 Qh5+ 38.Qf3 Qh2 39.Qe3 Qh5+ 40.f3 Rb8 41.Nd3 e5 42.Nf2 e4
43.Kd1 Rb7 44.Kc2 exf3 45.Qe6  0-1

[Event "Belgrade Premier League 2011"]
[Site "Belgrade SRB"]
[Date "2011.10.03"]
[Round "3.4"]
[White "Nedeljkovic,Dr"]
[Black "Kostic,Brani"]
[Result "0-1"]
[WhiteElo "2161"]
[BlackElo "2250"]

1.e4 c5 2.c3 Nf6 3.e5 Nd5 4.d4 cxd4 5.cxd4 e6 6.Nf3 b6 7.a3 Be7 8.Bd3 Ba6
9.Bxa6 Nxa6 10.Nbd2 O-O 11.O-O Nac7 12.Ne4 f5 13.exf6 Nxf6 14.Qe2 Ncd5 15.Bd2 Qc7
16.Rac1 Qb7 17.Nxf6+ Bxf6 18.Qe4 Rac8 19.Bg5 Rxc1 20.Rxc1 Rc8 21.Rxc8+ Qxc8
22.Bd2 Qc4 23.g4 g6 24.Ne5 Qc7 25.Bh6 Bg7 26.Bxg7 Kxg7 27.Qf3 d6 28.Nd3 Qc2
29.Nb4 Qc1+ 30.Kg2 Nf4+ 31.Kg3 g5 32.Qb7+ Kh6 33.Qe7 Qg1+ 34.Kf3 Qd1+ 35.Kg3 Qxd4
36.Qf8+ Qg7 37.Qxd6 Qxb2 38.Qf8+ Qg7 39.Qxg7+ Kxg7 40.h4 h6 41.h5 a5 42.Nc6 Kf6
43.Kf3 Nd5 44.Ke4 Nc3+ 45.Kd3 Nb5 46.a4 Nd6 47.Kd4 Kf7 48.Ke5 Nc4+ 49.Kd4 Nb2
50.Ne5+ Ke7 51.Nc6+ Kf6 52.f3 Nxa4 53.Kc4 Nc5 54.Kb5 Nd7  0-1

[Event "1st Qinhuangdao Open"]
[Site "Qinhuangdao CHN"]
[Date "2011.10.04"]
[Round "6"]
[White "Xu,Jialun"]
[Black "Jia,H"]
[Result "1/2-1/2"]
[WhiteElo "2078"]
[BlackElo "2369"]

1.e4 c5 2.c3 Nf6 3.e5 Nd5 4.Nf3 e6 5.d4 cxd4 6.cxd4 d6 7.Bc4 Nc6 8.O-O Be7
9.Qe2 O-O 10.Rd1 Bd7 11.Bd2 Rc8 12.Nc3 Nxc3 13.Bxc3 d5 14.Bd3 Nb4 15.Bb1 Ba4
16.Re1 Qb6 17.Qd2 Nc6 18.Bd3 Nb4 19.Bb1 Nc6 20.Bd3 Nb4 21.Bb1 Qd8 22.Qe2 Qb6
23.Qd2 Nc6 24.Bd3 Nb4 25.Bb1 Nc6 26.Bd3 Nb4 27.Bb1 a5 28.a3 Nc6 29.Qd3 g6
30.Qe3 Rfe8 31.h4 Bf8 32.h5 Qc7 33.Bd3 Bb3 34.Nd2 a4 35.Nxb3 axb3 36.g4 Na5
37.f4 Nc4 38.Bxc4 Qxc4 39.f5 Rc7 40.hxg6 fxg6 41.fxe6 Rxe6 42.Rf1 Re8 43.Rfe1 Re6
44.Rf1 Re8 45.Rf3 Bg7 46.Raf1 Qa6 47.Qf2 Qe6 48.Qg3  1/2-1/2

[Event "20th TCh-CRO 1b"]
[Site "Sibenik CRO"]
[Date "2011.10.04"]
[Round "1.1"]
[White "Susak,Z"]
[Black "Radocaj,D"]
[Result "1/2-1/2"]
[WhiteElo "2191"]
[BlackElo "2318"]

1.e4 c5 2.c3 Nf6 3.e5 Nd5 4.Nf3 Nc6 5.d4 cxd4 6.cxd4 d6 7.Bc4 e6 8.O-O Be7
9.exd6 Qxd6 10.Nc3 O-O 11.Re1 Rd8 12.Bb3 b6 13.Nxd5 exd5 14.Ne5 Nxe5  1/2-1/2

[Event "20th TCh-CRO w"]
[Site "Sibenik CRO"]
[Date "2011.10.05"]
[Round "2.1"]
[White "Racki,B"]
[Black "Bazaj Bockai,S"]
[Result "1/2-1/2"]
[WhiteElo "1865"]
[BlackElo "2081"]

1.e4 c5 2.c3 Nf6 3.e5 Nd5 4.d4 cxd4 5.Nf3 Nc6 6.cxd4 e6 7.Bc4 Nb6 8.Bb3 d5
9.O-O Be7 10.Nc3 Bd7 11.a3 Na5 12.Bc2 Rc8 13.Qd3 Qc7 14.Bb1 Qc4 15.Qe3 Nb3
16.Nd2 Nxd2 17.Bxd2 Qc7 18.b3 f5 19.exf6 Bxf6 20.a4 O-O 21.Qd3 g6 22.Ne2 e5
23.Ra2 Bf5 24.Qg3 Bxb1 25.Rxb1 Qe7 26.dxe5 Bh4 27.Qg4 Bxf2+ 28.Kh1 Qxe5 29.a5 Na8
30.Bh6 Rfe8 31.Rf1 Be3 32.Bxe3 Qxe3 33.b4 Qe4 34.Qd7 Rc7 35.Qd6 Qc4 36.Rd2 Rce7
37.Ng3 Nc7 38.h3 Re3 39.Rdf2 R3e7 40.Rf4 Qc6 41.Rf6 Qxd6 42.Rxd6 Re3 43.Kh2 R8e7
44.Rd8+ Kg7 45.Rd1 Rb3 46.Ne2 Rxb4 47.Nc3 Rb2 48.Nxd5 Nxd5 49.R8xd5 Ree2
50.Rg5 Kf6 51.h4 h6 52.Rg3 Re6 53.Rd5 Rb4 54.Rf3+ Ke7 55.g3 Re2+ 56.Kh3 h5
57.Rfd3 Rbb2 58.Rd7+ Kf6 59.R3d6+ Re6 60.Rd5 Re7 61.R7d6+ Kf7 62.Rd4 Ree2
63.Rd7+ Kf6 64.R4d6+ Ke5 65.Rd5+ Ke4 66.Rd4+ Ke3 67.Rd3+ Kf2 68.g4 Re3+ 69.Rxe3 Kxe3
70.gxh5 gxh5 71.Rd5 Kf4 72.Rxh5 Rb3+ 73.Kg2 Kg4 74.Rh7 Rb2+ 75.Kf1 Rb5 76.a6 bxa6
77.Rxa7 a5 78.Ke2  1/2-1/2

[Event "Nona Gaprindashvili Jubilee"]
[Site "Moscow RUS"]
[Date "2011.10.06"]
[Round "6"]
[White "Erenska Barlo,H"]
[Black "Belavenets,L"]
[Result "1/2-1/2"]
[WhiteElo "2241"]
[BlackElo "2190"]

1.e4 c5 2.c3 Nf6 3.e5 Nd5 4.d4 cxd4 5.cxd4 Nc6 6.Nf3 e6 7.a3 d6 8.Bc4 Nb6
9.Bb5 Bd7 10.Qe2 a6 11.Bd3 Na5 12.Nbd2 d5 13.O-O Rc8 14.b3 Be7 15.Bb2 O-O
16.Rfc1 Rxc1+ 17.Rxc1 Qb8 18.b4 Nac4 19.Nxc4 Nxc4 20.Bxc4 dxc4 21.Qxc4 Rc8
22.Qd3 Bb5 23.Qd1 Rxc1 24.Qxc1 Bc6 25.Ne1 Qd8 26.Qc4 h6 27.h3 Qd7 28.Nc2 Bb5
29.Qa2 Bc6 30.Ne3 Bg5 31.Nf1 Bd5 32.Qb1 Qc6 33.f3 Qc4 34.Qd1 b5 35.Kh2 Qc6
36.Nd2 h5 37.Kg3 h4+ 38.Kf2 Bf4 39.Nf1 Qc4 40.Qe2 Qb3 41.Ba1 Bc4 42.Qe1 Qc2+
43.Kg1 g5 44.Kh1 Qa2 45.Nh2 Bg3 46.Qd1 Qxa3 47.Qb1 Qe3 48.Qd1 Qf2 49.Ng4 Qa2
50.Bc3 Be2 51.Qc1 Bf4 52.Qe1 Qc2 53.Nf6+ Kg7 54.Ne4 Bd3 55.Ba1 Qb3  1/2-1/2

[Event "20th TCh-CRO w"]
[Site "Sibenik CRO"]
[Date "2011.10.06"]
[Round "4.2"]
[White "Racki,B"]
[Black "Ivekovic,I"]
[Result "1-0"]
[WhiteElo "1865"]
[BlackElo "1912"]

1.e4 c5 2.c3 Nf6 3.e5 Nd5 4.d4 cxd4 5.Nf3 Nc6 6.cxd4 d6 7.Bc4 Nb6 8.Bb5 dxe5
9.Nxe5 Bd7 10.Nxd7 Qxd7 11.Nc3 e6 12.O-O Rd8 13.Bg5 Be7 14.Bxe7 Qxe7 15.Qf3 O-O
16.Bxc6 bxc6 17.Qxc6 Rxd4 18.Rfd1 Rc4 19.Qd6 Qg5 20.h3 Rh4 21.Rd3 Nc4 22.Rg3 Qf6
23.Qa6 Nxb2 24.Qxa7 h6 25.Rb1 Nc4 26.Rb7 Nd6 27.Rd7 Ne4 28.Rf3 Qg6 29.Nxe4 Rxe4
30.Kh2 Re5 31.Rdxf7 Rxf7 32.Qb8+ Kh7 33.Qxe5 Rxf3 34.gxf3 Qf7 35.Qe4+ Kg8
36.a4 Qc7+ 37.Kg2 Kf7 38.Qb4 Qd8 39.Qb5 Qf6 40.a5 Qg6+ 41.Kh2 Qc2 42.Qb6 Qf5
43.Qc7+ Kf8 44.f4 Qd3 45.Qe5 Kf7 46.Qe3 Qb5 47.Qb6 Qc4 48.Kg3 Qd3+ 49.Qe3 Qb5
50.Qe5 Qd3+ 51.Kg2 Qg6+ 52.Kh2 Qc2 53.Qe3 Qa4 54.Qa7+ Kf6 55.Kg3 Qb3+ 56.f3 Qd3
57.Qc5 Qf1 58.Qe3 Qa6 59.Qe5+ Kf7 60.h4 Qf1 61.Qe3 Qa6 62.Qd2 Qf1 63.Qf2 Qd3
64.h5 Kf6 65.Qc5 Qf1 66.Qf8+  1-0

[Event "World Amateur Chess Championship"]
[Site "Antalya TUR"]
[Date "2011.10.07"]
[Round "6"]
[White "Prabajith,Asela"]
[Black "Oney,Ri"]
[Result "1/2-1/2"]
[WhiteElo "1820"]
[BlackElo "1919"]

1.e4 c5 2.c3 Nf6 3.d3 Nc6 4.f4 d6 5.Nf3 Bg4 6.Nbd2 e5 7.h3 Bxf3 8.Qxf3 Be7
9.f5 d5 10.Be2 d4 11.O-O Qc7 12.a4 b6 13.Nc4 O-O-O 14.Bd2 Ne8 15.Rfc1 Nd6
16.Na3 Kb8 17.b4 Nb7 18.a5 Qd7 19.axb6 axb6 20.Nc4 Kc7 21.Ra6 dxc3 22.Bxc3 Nd4
23.Bxd4 Qxd4+ 24.Kh1 Bg5 25.Rc2 Ra8 26.Rxb6 Ra1+ 27.Bf1 Rd8 28.b5 Rda8 29.Rc6+ Kb8
30.Nb6 R8a3 31.Kh2 Bf4+ 32.g3 Be3 33.f6 g6 34.Qg4 Ka7 35.Qc8 Qd8 36.Qg4 Rxf1
37.Nd5 Raa1 38.b6+ Ka6 39.Rc8 Rh1+ 40.Kg2 Rhg1+ 41.Kf3 h5 42.Ra8+ Qxa8 43.Qd7 Rgf1+
44.Kxe3 Rfe1+ 45.Re2 Qf8 46.Kf3 Rxe2 47.Kxe2 Qh6 48.Qc6 Re1+ 49.Kxe1 Qc1+
50.Ke2 Qc2+ 51.Ke1 Qc1+ 52.Ke2 Qc2+ 53.Ke3 Qc1+ 54.Ke2  1/2-1/2

[Event "20th TCh-CRO w"]
[Site "Sibenik CRO"]
[Date "2011.10.08"]
[Round "6.3"]
[White "Racki,B"]
[Black "Solic,K"]
[Result "1/2-1/2"]
[WhiteElo "1865"]
[BlackElo "2219"]

1.e4 c5 2.c3 Nf6 3.e5 Nd5 4.d4 cxd4 5.Nf3 Nc6 6.cxd4 d6 7.Bc4 e6 8.Qe2 Be7
9.O-O O-O 10.Qe4 Qc7 11.Re1 Rd8 12.Bg5 dxe5 13.dxe5 Nxe5 14.Bxe7 Nxf3+ 15.Qxf3 Nxe7
16.Na3 Bd7 17.Rac1 Qb6 18.Bb3 Bc6 19.Qh3 Bd5 20.Bxd5 Nxd5 21.Nc4 Qc6 22.Qb3 Rac8
23.Ne5 Qb6 24.Qf3 Nf6 25.b3 Rxc1 26.Rxc1 Qd4 27.Nc4 Qd5 28.Qe2 h6 29.h3 Qg5
30.Ne3 Nd5 31.Rd1 Nxe3 32.Rxd8+ Qxd8 33.Qxe3 b6 34.Qe4 Qd5 35.Qa4 Qd1+ 36.Kh2 Qd6+
37.Kg1 Qe7 38.Qc4 g6 39.Qc6 Kg7 40.Qc3+ e5 41.Qd3 Qb4 42.Qe2 Qc3 43.Kh2 Qd4
44.f3 a5 45.Kh1 h5 46.Kh2 h4 47.Qb5 Qd6 48.Kh1 Qe6 49.b4 axb4 50.Qxb4 Qxa2
51.Qxb6 Qc4 52.Qb7 g5 53.Qe7 Qc1+ 54.Kh2 Qf4+ 55.Kh1 Qf6 56.Qb4 Qe6 57.Qb7 Kg6
58.Qe4+ f5 59.Qe3 e4 60.fxe4 fxe4 61.Kg1 Qe5 62.Qb6+ Kf5 63.Qf2+ Ke6 64.Qb6+ Qd6
65.Qe3 Kf5 66.Kh1 Qd1+ 67.Kh2 Qd6+ 68.Kh1 Qd3 69.Qc5+ Kf4 70.Qf2+ Ke5  1/2-1/2

[Event "TCh-MNE 1st League"]
[Site "Tivat MNE"]
[Date "2011.10.08"]
[Round "7.1"]
[White "Miljanic,B"]
[Black "Pecurica,M"]
[Result "1-0"]
[WhiteElo "2399"]
[BlackElo "2149"]

1.e4 c5 2.c3 Nf6 3.e5 Nd5 4.d4 cxd4 5.cxd4 Nc6 6.Nc3 Nxc3 7.bxc3 d5 8.Bd3 e6
9.Nh3 Qa5 10.Bd2 b5 11.a3 Bd7 12.O-O Qb6 13.Ng5 Be7 14.Qh5 Bxg5 15.Qxg5 Kf8
16.Rfb1 a6 17.a4 b4 18.a5 Qa7 19.Qf4 Rb8 20.h4 h6 21.h5 Ke7 22.Qg4 Kf8 23.Qh4 Rc8
24.Rc1 Rb8 25.Rcb1 Rc8 26.Qg4 Kg8 27.Rb3 Rb8 28.Rab1 Kf8 29.Qf4 Ke7 30.Qh4+ Kf8
31.Qg4 Rg8 32.Qe2 bxc3 33.Rxb8+ Nxb8 34.Bxc3 f5 35.exf6 gxf6 36.Qe3 Rg5 37.Qf4 Nc6
38.Qxf6+ Kg8 39.Bg6  1-0

[Event "e2e4 High Wycombe Open"]
[Site "Uplands Park ENG"]
[Date "2011.10.08"]
[Round "3"]
[White "Wang,Xingliang Anna"]
[Black "Tegzes,L"]
[Result "0-1"]
[WhiteElo "1735"]
[BlackElo "2073"]

1.e4 c5 2.c3 Nf6 3.e5 Nd5 4.d4 e6 5.Nf3 Nc6 6.c4 Nb6 7.d5 Nd4 8.Nxd4 cxd4
9.Qxd4 d6 10.Nc3 exd5 11.cxd5 dxe5 12.Qxe5+ Qe7 13.Qxe7+ Bxe7 14.Bb5+ Bd7
15.Bxd7+ Kxd7 16.O-O Bf6 17.Rd1 Rhe8 18.Kf1 Rac8 19.Bd2 Nc4 20.Rab1 b6 21.Nb5 Nxb2
22.Rdc1 a6 23.Na3 b5 24.Rxc8 Rxc8 25.Rc1 Rxc1+ 26.Bxc1 Kd6 27.Nc2 Nd3 28.Be3 Kxd5
29.Ke2 Nc5 30.Nb4+ Kc4 31.Bxc5 Kxc5 32.Nxa6+ Kc4 33.Kd2 Be5 34.a3 Bd6 35.Kc2 Bxa3
36.Nc7 Bd6 37.Ne8 Bf8 38.Nc7 Kc5 39.Kb3 Kc6 40.Na6 Kb7 41.Nb4 Bxb4 42.Kxb4 Kc6
43.h3 f5 44.h4 g6 45.f3 h5 46.g3 Kb6 47.f4 Kc6 48.Kb3 Kd5 49.Kb4 Ke4 50.Kxb5 Kf3
51.Kc6 Kxg3 52.Kd6 Kxf4 53.Ke6 Kg4 54.Kf6 f4 55.Kxg6 f3 56.Kh6 f2 57.Kg6 f1=Q
58.Kh6 Kxh4 59.Kg6 Kg4 60.Kh6 Qa6+ 61.Kh7 Kg5 62.Kg7 Qa7+ 63.Kh8 Kg6 64.Kg8 Qa8+  0-1

[Event "World Amateur Chess Championship"]
[Site "Antalya TUR"]
[Date "2011.10.09"]
[Round "8"]
[White "Sevgi,V"]
[Black "Aslanhan,H"]
[Result "0-1"]
[WhiteElo "1908"]
[BlackElo "1782"]

1.e4 c5 2.c3 Nf6 3.e5 Nd5 4.Nf3 e6 5.d4 cxd4 6.cxd4 d6 7.Nc3 dxe5 8.Nxe5 Nxc3
9.bxc3 Bd6 10.Nf3 b6 11.Bd3 Nd7 12.Be4 Rb8 13.O-O h6 14.Qe2 O-O 15.h3 Nf6
16.Ne5 Qc7 17.Bb2 Ba6 18.Qxa6 Nxe4 19.Qd3 Nc5 20.Qe2 Na4 21.Nc4 Be7 22.Ne5 Bd6
23.Nc4 Rbc8 24.Nxd6 Qxd6 25.Rac1 Rc6 26.Qb5 Nxb2 27.Qxb2 Rfc8 28.Rc2 e5 29.dxe5 Qxe5
30.Rfc1 Rg6 31.Qb4 Qd5 32.g3 Rc4 33.Qe7 Re6 34.Qxa7 Rce4 35.Rf1 Qd3 36.Rcc1 Rg6
37.Qb8+ Kh7 38.Rfd1 Qf3 39.Rd8 Rge6 40.Rf1 Re1 41.Qa8 R6e4 42.Rh8+ Kg6 43.Qc6+ f6
44.Qb5 R4e2 45.Qxb6 Qe4 46.f3 Rxf1+  0-1

[Event "TCh-BEL 2011-12"]
[Site "Belgium BEL"]
[Date "2011.10.09"]
[Round "1.4"]
[White "Lemmers,O"]
[Black "Buscher,M"]
[Result "1/2-1/2"]
[WhiteElo "2382"]
[BlackElo "2344"]

1.e4 c5 2.c3 Nf6 3.e5 Nd5 4.Nf3 e6 5.Bc4 Nb6 6.Bb3 d6 7.d4 dxe5 8.Nxe5 cxd4
9.cxd4 N8d7 10.Qe2 Nf6 11.O-O Be7 12.Rd1 O-O 13.Nc3 Nbd5 14.Rd3 Nb4 15.Rg3 Qxd4
16.Bh6 Ne8 17.Rd1 Qh4 18.Be3 Nc6 19.Nxc6 bxc6 20.Rd4 Qf6 21.Re4 Bd6 22.Bd4 e5
23.Bxe5 Bxe5 24.Rxe5 Nd6 25.Rf3 Qh6 26.Qe3 Qxe3 27.Rfxe3 Rd8 28.f3 Kf8 29.g4 Bd7
30.Na4 Be8 31.Rd3 Nb5 32.Ree3 Nd4 33.Bc4 Rab8 34.b3 Nc2 35.Re2 Rxd3 36.Bxd3 Nd4
37.Re3 Rd8 38.Bc4 Nc2 39.Rd3  1/2-1/2

[Event "Lichtenrader Autumn"]
[Site "Berlin GER"]
[Date "2011.10.09"]
[Round "2.18"]
[White "Jahnz,F"]
[Black "Voigt,Ingo"]
[Result "1-0"]
[WhiteElo "2226"]
[BlackElo "2061"]

1.e4 c5 2.c3 Nf6 3.e5 Nd5 4.d4 d6 5.Nf3 Nc6 6.Bc4 Nb6 7.Bb5 Bd7 8.exd6 exd6
9.O-O Be7 10.Be3 cxd4 11.Nxd4 Ne5 12.Qb3 O-O 13.Nd2 d5 14.N4f3 Nec4 15.Nxc4 dxc4
16.Bxb6 Qxb6 17.Bxc4 Qc5 18.Rfe1 Bd6 19.Bd5 Rab8 20.Ng5 Ba4 21.Qxa4 Qxd5
22.Ne4 Bc7 23.Qxa7 f5 24.Ng5 Qd6 25.Nf3 g5 26.Rad1 Qh6 27.Qc5 Rf7 28.Ne5 Re8
29.g3 Rfe7 30.Qd5+ Kg7 31.Nf3 g4 32.Rxe7+ Rxe7 33.Nd4  1-0

[Event "II Oliver Gonzalez Memorial"]
[Site "Madrid ESP"]
[Date "2011.10.09"]
[Round "2.23"]
[White "Bolea Jover,J"]
[Black "Horcajada Reales,G"]
[Result "1/2-1/2"]
[WhiteElo "2021"]
[BlackElo "2215"]

1.e4 c5 2.c3 Nf6 3.e5 Nd5 4.d4 e6 5.Nf3 cxd4 6.cxd4 Nc6 7.Nc3 d6 8.Bb5 Bd7
9.Nxd5 exd5 10.O-O h6 11.Re1 Be6 12.Qa4 Qb6 13.Bf4 g5 14.Bg3 g4 15.Rac1 Kd7
16.Nd2 h5 17.exd6 h4 18.Be5 Bxd6 19.Bxd6 Kxd6 20.Nb3 Rae8 21.Qa3+ Kc7 22.Bxc6 bxc6
23.Re3 Bd7 24.Nc5 Rxe3 25.Qxe3 Kc8 26.Qe7 Qd8 27.Qxf7 Rf8 28.Qg7 Rg8 29.Qxd7+ Qxd7
30.Nxd7 Kxd7 31.Kf1 Rf8 32.Ke2 Rf4 33.Ke3 Re4+ 34.Kd3 Rf4 35.Rf1 h3 36.gxh3 gxh3
37.f3 Rf7 38.f4 Rg7 39.Rf3 Rg2 40.Rxh3 Rxb2 41.Rh7+ Ke6 42.Rxa7 Rxh2 43.a4 Rh3+
44.Kc2 Rf3 45.a5 Rxf4 46.Kc3 Rf3+ 47.Kb4 Rd3 48.Kc5 Rc3+ 49.Kb6 Kd6 50.Rh7 Rb3+
51.Ka7 Rb4 52.Rh4 Kc7 53.a6 Kc8 54.Rg4 Kc7 55.Rh4 Kc8  1/2-1/2

[Event "TCh-MNE 1st League"]
[Site "Tivat MNE"]
[Date "2011.10.09"]
[Round "2.3"]
[White "Musovic,A"]
[Black "Potpara,N"]
[Result "0-1"]
[WhiteElo "2160"]
[BlackElo "2181"]

1.e4 c5 2.c3 Nf6 3.e5 Nd5 4.Nf3 e6 5.d4 cxd4 6.cxd4 d6 7.Nc3 Nxc3 8.bxc3 Qc7
9.Bd2 Nd7 10.Qa4 Be7 11.exd6 Bxd6 12.Bd3 b6 13.Qb5 h6 14.a4 a5 15.Be4 Ba6
16.Qc6 Rc8 17.Qxc7 Rxc7 18.Rb1 O-O 19.Kd1 Rb8 20.Kc2 Bc4 21.Rhe1 Nf6 22.Bd3 Nd5
23.Bxc4 Rxc4 24.Kb3 Rbc8 25.Rbc1 b5 26.axb5 a4+ 27.Ka2 Rb8 28.Ne5 Bxe5 29.Rxe5 Rxb5
30.Rb1 Rxb1 31.Kxb1 Nxc3+ 32.Bxc3 Rxc3 33.Ra5 a3 34.d5 exd5 35.Rxd5 Rb3+
36.Ka1 Rb2 37.Rf5 g6 38.Rf3 Kg7 39.h3 Re2 40.Kb1 a2+ 41.Ka1 f5 42.h4 Kf6
43.g3 g5 44.g4 f4 45.h5 Ke5 46.Ra3 Re1+ 47.Kxa2 Re2+ 48.Kb1 Rxf2 49.Ra6 f3
50.Kc1 Kf4 51.Rxh6 Kxg4 52.Rh8 Rh2 53.Rh6 f2  0-1

[Event "e2e4 High Wycombe Open"]
[Site "Uplands Park ENG"]
[Date "2011.10.09"]
[Round "5"]
[White "Compton,A"]
[Black "Bonafont,P"]
[Result "0-1"]
[WhiteElo "2037"]
[BlackElo "2094"]

1.e4 c5 2.c3 Nf6 3.e5 Nd5 4.d4 cxd4 5.Nf3 Nc6 6.cxd4 d6 7.Bc4 Nb6 8.Bb3 dxe5
9.d5 Na5 10.Nc3 Bg4 11.O-O Nxb3 12.Qxb3 Bxf3 13.gxf3 g6 14.Be3 Bg7 15.Nb5 O-O
16.Nxa7 Nxd5 17.Rfd1 e6 18.Qxb7 Qf6 19.Nc6 Qxf3 20.Ne7+ Kh8 21.Nxd5 Rad8
22.Bc5 Rfe8 23.Qb5 exd5 24.a4 d4 25.Rd3 Qa8 26.Rad1 Rd5 27.b4 e4 28.Rxd4 Bxd4
29.Rxd4 Rg5+ 30.Kf1 e3  0-1

[Event "e2e4 High Wycombe Open"]
[Site "Uplands Park ENG"]
[Date "2011.10.09"]
[Round "5"]
[White "Friedland,J"]
[Black "Tegzes,L"]
[Result "0-1"]
[WhiteElo "2163"]
[BlackElo "2073"]

1.e4 c5 2.c3 Nf6 3.e5 Nd5 4.d4 cxd4 5.Nf3 Nc6 6.cxd4 d6 7.Bc4 Nb6 8.Bb5 e6
9.Nc3 Be7 10.O-O O-O 11.exd6 Qxd6 12.Be3 Nd5 13.Ne4 Qd8 14.Rc1 Ncb4 15.a3 Nxe3
16.fxe3 Nd5 17.Qe2 a6 18.Bd3 Bd7 19.Nc3 Bc6 20.Ne5 Bf6 21.Nxc6 bxc6 22.Nxd5 cxd5
23.Bxa6 e5 24.dxe5 Bxe5 25.Bb5 d4 26.Rcd1 Qb8 27.exd4 Bxh2+ 28.Kh1 Qd6 29.Qh5 Bg3
30.Rf3 f5 31.Rxf5 g6 32.Rxf8+ Rxf8 33.Qg4 Rf5 34.Bd3 Rh5+ 35.Kg1 Rh4 36.Qc8+ Kg7
37.Be2 Qf4 38.Qb7+ Kh6 39.Qf3 Rh1+  0-1

[Event "49th ch-IND NatA"]
[Site "Aurangabad IND"]
[Date "2011.10.10"]
[Round "2"]
[White "Lahiri,A"]
[Black "Kunte,A"]
[Result "1/2-1/2"]
[WhiteElo "2361"]
[BlackElo "2528"]

1.e4 c5 2.c3 Nf6 3.e5 Nd5 4.d4 cxd4 5.Nf3 e6 6.cxd4 d6 7.Bc4 Nb6 8.Bd3 dxe5
9.dxe5 Na6 10.Qe2 Nc5 11.Bc2 Nd5 12.a3 Bd7 13.O-O Be7 14.Nbd2 Nf4 15.Qe3 Nd5
16.Qe2 Nf4 17.Qe3 Nd5 18.Qe2  1/2-1/2

[Event "20th TCh-CRO 1a"]
[Site "Sibenik CRO"]
[Date "2011.10.10"]
[Round "7.4"]
[White "Doric,N"]
[Black "Zivkovic,Vj"]
[Result "1/2-1/2"]
[WhiteElo "2332"]
[BlackElo "2379"]

1.e4 c5 2.c3 Nf6 3.e5 Nd5 4.d4 cxd4 5.Nf3 Nc6 6.cxd4 d6 7.Bc4 Nb6 8.Bb5 dxe5
9.Nxe5 Bd7 10.Nxd7 Qxd7 11.Nc3 Rd8 12.O-O e6 13.Bg5 Be7 14.Bxe7 Qxe7 15.Bxc6+ bxc6
16.Qf3 O-O 17.Qxc6 Rxd4 18.Rad1 Rxd1 19.Rxd1 Rc8 20.Qb5 Rd8 21.Rxd8+ Qxd8
22.h3 h6 23.a4 Nd5 24.Nxd5 exd5 25.Kf1 d4 26.Ke2 Qe7+ 27.Kd2 Qf6 28.Ke2 d3+
29.Qxd3 Qxb2+ 30.Kf3  1/2-1/2